000 00374nam a2200145Ia 4500
008 230917s9999||||xx |||||||||||||| ||und||
040 _e53522
_aMAIN
041 _aEnglish
082 _aB R118R:M
100 _aRao, P Nagaraja, ed.
245 0 _aRadhakrishnan reader: An anthology
260 _aBombay
_bBharatiya Vidhya Bhawan
_c1969
300 _axi, 680 p.
942 _cBK
999 _c70460
_d70460